00487nam a2200169Ia 4500008004100000041001200041082001200053100003100065245005300096365000800149520001400157546001200171630005300183650001400236655001400250730005300264101110s9999 xx 000 0 und d aENGLISH bSR23885 aMishra S.K.And Puri V.K. aDevelopment Issues of Indian Economy (T.Y.B.Com) b150 aEconomics aENGLISH aDevelopment Issues of Indian Economy (T.Y.B.Com) aEconomics aEconomics aDevelopment Issues of Indian Economy (T.Y.B.Com)